[Event "Muensterland Regionalliga 1516"]
[Site "Germany"]
[Date "2016.02.27"]
[Round "7.2"]
[White "Storck, Martin"]
[Black "Wewers, Reinhard"]
[Result "1-0"]
[WhiteElo "1966"]
[BlackElo "2011"]
[PlyCount "101"]
[EventDate "2015.09.05"]
[EventType "team"]
[EventRounds "9"]
[EventCountry "GER"]
[SourceTitle "EXT 2017"]
[Source "ChessBase"]
[SourceDate "2016.10.25"]
[SourceVersion "1"]
[SourceVersionDate "2016.10.25"]
[SourceQuality "1"]
[WhiteTeam "Gronau"]
[BlackTeam "Duelmen"]
[WhiteTeamCountry "GER"]
[BlackTeamCountry "GER"]

1. c4 Nf6 2. Nc3 c5 3. g3 e6 4. e4 Nc6 5. Bg2 Be7 6. Nge2 d6 7. d4 cxd4 8. Nxd4 Bd7 9. Ndb5 Qb8 10. b3 a6 11. Nd4 Nxd4 12. Qxd4 Bc6 13. 0-0 0-0 14. Bb2 b5 15. cxb5 axb5 16. b4 Qb7 17. Rfe1 Rfd8 18. f3 Qa7 19. Qxa7 Rxa7 20. a3 Nd7 21. Bf1 Rb7 22. Ne2 Ne5 23. Nd4 Be8 24. Rac1 Bf6 25. Kg2 Nc4 26. Bxc4 bxc4 27. Rxc4 d5 28. exd5 Rxd5 29. Re2 Kf8 30. Nc6 Rc7 31. Bxf6 Rxc6 32. Rxc6 Bxc6 33. Rc2 Bd7 34. Bb2 f6 35. Bc1 Ke8 36. Rc3 Bb5 37. Kf2 Kd7 38. Be3 Bc6 39. g4 h5 40. h4 g6 41. g5 Rf5 42. Bc1 fxg5 43. Bxg5 Rd5 44. Ke3 Ba4 45. Bf4 Bc6 46. Rc2 Rd1 47. Be5 Rd5 48. f4 Rd1 49. Rc5 Rb1 50. Ra5 Kc8 51. Ra7 1-0

[Event "Muensterland Regionalliga 1415"]
[Site "Germany"]
[Date "2015.03.14"]
[Round "7.1"]
[White "Lehmann, Holger"]
[Black "Wewers, Reinhard"]
[Result "1/2-1/2"]
[WhiteElo "2151"]
[BlackElo "2003"]
[PlyCount "31"]
[EventDate "2014.09.20"]
[EventType "team-tourn"]
[EventRounds "9"]
[EventCountry "GER"]
[SourceTitle "EXT 2016"]
[Source "ChessBase"]
[SourceDate "2015.10.08"]
[SourceVersion "1"]
[SourceVersionDate "2015.10.08"]
[SourceQuality "1"]
[WhiteTeam "Emsdetten Rochade"]
[BlackTeam "Duelmen"]
[WhiteTeamCountry "GER"]
[BlackTeamCountry "GER"]

1. c4 Nf6 2. Nc3 c5 3. g3 e6 4. Nf3 b6 5. Bg2 Bb7 6. 0-0 Be7 7. b3 0-0 8. Bb2 d6 9. d4 cxd4 10. Qxd4 a6 11. h3 Qc7 12. e4 Nbd7 13. Kh1 Rac8 14. Rae1 Kh8 15. g4 Ba8 16. Ng1 1/2-1/2

[Event "Muensterland Regionalliga 1415"]
[Site "Germany"]
[Date "2014.11.22"]
[Round "3.2"]
[White "Wewers, Reinhard"]
[Black "Doennebrink, Elmar"]
[Result "0-1"]
[WhiteElo "2003"]
[BlackElo "2059"]
[PlyCount "76"]
[EventDate "2014.09.20"]
[EventType "team-tourn"]
[EventRounds "9"]
[EventCountry "GER"]
[SourceTitle "EXT 2016"]
[Source "ChessBase"]
[SourceDate "2015.10.08"]
[SourceVersion "1"]
[SourceVersionDate "2015.10.08"]
[SourceQuality "1"]
[WhiteTeam "Duelmen"]
[BlackTeam "Suedlohn"]
[WhiteTeamCountry "GER"]
[BlackTeamCountry "GER"]

1. Nf3 Nf6 2. g3 g6 3. b3 Bg7 4. Bb2 c5 5. Bg2 Nc6 6. c4 0-0 7. 0-0 d6 8. d3 Bg4 9. h3 Bd7 10. Nc3 Nd4 11. Nxd4 cxd4 12. Nb5 Bxb5 13. cxb5 Qb6 14. a4 e5 15. Qd2 Rad8 16. Ba3 Rd7 17. Bb4 Qd8 18. a5 h5 19. a6 b6 20. Bc6 Rc7 21. Qa2 Bh6 22. Qa3 Ne8 23. Ra2 Bg5 24. Bxe8 Rxe8 25. Bxd6 Rc3 26. Bb4 Be7 27. Qa4 Bxb4 28. Qxb4 Qd7 29. h4 Rec8 30. Re1 R8c5 31. e3 Rxd3 32. Rae2 dxe3 33. Rxe3 Rxe3 34. Rxe3 Qxb5 35. Qd2 Rd5 36. Qe1 Qd7 37. Qb4 Rd1+ 38. Re1 Qd4 0-1

[Event "Langenwang op"]
[Site "Langenwang"]
[Date "2014.01.13"]
[Round "4"]
[White "Wewers, Reinhard"]
[Black "Fleischer, Frank"]
[Result "1/2-1/2"]
[WhiteElo "2182"]
[BlackElo "2206"]
[PlyCount "59"]
[EventDate "2014.01.10"]
[EventType "swiss"]
[EventRounds "9"]
[EventCountry "GER"]
[SourceTitle "EXT 2015"]
[Source "ChessBase"]
[SourceDate "2014.11.20"]
[SourceVersion "1"]
[SourceVersionDate "2014.11.20"]
[SourceQuality "1"]

1. Nf3 e6 2. g3 f5 3. Bg2 Nf6 4. 0-0 Be7 5. c4 0-0 6. Nc3 d6 7. d4 Ne4 8. Qc2 Nxc3 9. bxc3 Nc6 10. d5 Na5 11. dxe6 Bxe6 12. Nd4 Bxc4 13. Nxf5 Bf6 14. Ne3 Bf7 15. Be4 h6 16. Rb1 Rb8 17. Nd5 Re8 18. Be3 b6 19. Rfd1 Nc4 20. Bg6 Bxg6 21. Qxg6 Nxe3 22. Nxe3 Bg5 23. Nd5 Rxe2 24. f4 Qf8 25. Nxc7 Bf6 26. Nd5 Rbe8 27. Kf1 Qf7 28. Nxf6+ Qxf6 29. Qxf6 gxf6 30. Re1 1/2-1/2

[Event "Ruhrgebiet Regionalliga 1011"]
[Site "Nordrheinwestfalen"]
[Date "2011.03.06"]
[Round "7.7"]
[White "Pilat, Fabian"]
[Black "Wewers, Reinhard"]
[Result "1-0"]
[WhiteElo "1961"]
[BlackElo "2085"]
[PlyCount "133"]
[EventDate "2010.09.19"]
[EventType "team-tourn"]
[EventRounds "9"]
[EventCountry "GER"]
[SourceTitle "EXT 2020"]
[Source "ChessBase"]
[SourceDate "2019.10.17"]
[SourceVersion "1"]
[SourceVersionDate "2019.10.17"]
[SourceQuality "1"]
[WhiteTeam "Bochum SG III"]
[BlackTeam "Essen Ueberruhr"]
[WhiteTeamCountry "GER"]
[BlackTeamCountry "GER"]

1. d4 Nf6 2. Nf3 e6 3. e3 c5 4. Bd3 b6 5. 0-0 Bb7 6. c4 Be7 7. Nc3 cxd4 8. exd4 d6 9. d5 exd5 10. cxd5 0-0 11. Bc2 b5 12. Qd3 b4 13. Ne4 g6 14. Nxf6+ Bxf6 15. Qb3 Na6 16. Rd1 Rb8 17. Be3 Nc5 18. Qxb4 Bxd5 19. Qf4 Ne6 20. Qg3 Bxb2 21. Rab1 Bxa2 22. Ng5 Be5 23. Rxb8 Qxb8 24. Qh4 Nxg5 25. Bxg5 Qb2 26. Qa4 Rc8 27. Be4 Be6 28. Qxa7 Kg7 29. Qe3 Kg8 30. Qd3 Bg4 31. Bf3 Bxf3 32. Qxf3 Qc2 33. Rf1 Rb8 34. Be7 Kg7 35. Bg5 Rb1 36. g3 Rb2 37. Qe3 Qc5 38. Bh6+ Kg8 39. Qf3 Rb8 40. Kg2 Qb6 41. Rc1 Rd8 42. Re1 Qa7 43. Kg1 Qa8 44. Qd3 Rc8 45. Qe3 Qd5 46. Qe2 Qa8 47. Qg4 Re8 48. Qe2 Re6 49. Qd3 Qe8 50. Rd1 Bg7 51. Be3 h5 52. Kg2 Qa4 53. Qd5 Qg4 54. h3 Qe2 55. Rd2 Qe1 56. Qb3 h4 57. g4 Kh7 58. g5 Kg8 59. Ra2 Re8 60. Ra7 Rf8 61. Qc4 Qd1 62. Ra5 Re8 63. Rd5 Qb1 64. Rxd6 Qb7+ 65. Qd5 Qxd5+ 66. Rxd5 Bc3 67. Rc5 1-0

[Event "Muensterland op 28th"]
[Site "Senden"]
[Date "2010.10.22"]
[Round "8"]
[White "Wewers, Reinhard"]
[Black "Danin, Alexandre"]
[Result "0-1"]
[WhiteElo "2179"]
[BlackElo "2527"]
[PlyCount "82"]
[EventDate "2010.10.16"]
[EventType "swiss"]
[EventRounds "9"]
[EventCountry "GER"]
[SourceTitle "CBM 138 Extra"]
[Source "ChessBase"]
[SourceDate "2010.10.29"]
[SourceVersion "1"]
[SourceVersionDate "2010.10.29"]
[SourceQuality "1"]

1. Nf3 Nf6 2. g3 g6 3. Bg2 Bg7 4. 0-0 0-0 5. d4 d5 6. c4 dxc4 7. Na3 Nc6 8. Nxc4 Be6 9. b3 Bd5 10. Bb2 a5 11. Rc1 a4 12. bxa4 Ra6 13. a3 Qa8 14. Ne3 Be4 15. Nc4 Rd8 16. Ncd2 Rxa4 17. Nxe4 Nxe4 18. Qc2 Nd6 19. Qb3 Qa6 20. Rfd1 Qb5 21. Qxb5 Nxb5 22. Rd3 Bxd4 23. Nxd4 Ncxd4 24. Kf1 c6 25. e3 Ne6 26. Rxd8+ Nxd8 27. Rd1 Nd6 28. e4 Ne6 29. f3 Ra5 30. Bc1 f6 31. f4 Kf7 32. Bf3 Rc5 33. Kg2 Rc2+ 34. Kh3 Nb5 35. f5 Ned4 36. fxg6+ hxg6 37. Bg4 c5 38. Rf1 Nc3 39. Bc8 Nxe4 40. Bxb7 Nf2+ 41. Kh4 Nf5# 0-1

[Event "Alpenpokal op 35th"]
[Site "Langenwang"]
[Date "2009.01.16"]
[Round "8"]
[White "Wewers, Reinhard"]
[Black "Van Baarle, John"]
[Result "1/2-1/2"]
[WhiteElo "2140"]
[BlackElo "2244"]
[PlyCount "43"]
[EventDate "2009.01.09"]
[EventType "swiss"]
[EventRounds "9"]
[EventCountry "GER"]
[SourceTitle "EXT 2019"]
[Source "ChessBase"]
[SourceDate "2018.10.10"]
[SourceVersion "1"]
[SourceVersionDate "2018.10.10"]
[SourceQuality "1"]

1. Nf3 Nf6 2. g3 b6 3. Bg2 Bb7 4. 0-0 e6 5. c4 c5 6. Nc3 Be7 7. Re1 d5 8. cxd5 Nxd5 9. e4 Nb4 10. d4 cxd4 11. Nxd4 N8c6 12. Nxc6 Qxd1 13. Rxd1 Bxc6 14. Bf4 Rd8 15. Rxd8+ Bxd8 16. Bf1 f6 17. Rc1 Bd7 18. Nb5 Nc6 19. Nd6+ Ke7 20. Nb7 e5 21. Nxd8 Rxd8 22. Be3 1/2-1/2

[Event "Alpenpokal op 35th"]
[Site "Langenwang"]
[Date "2009.01.13"]
[Round "5"]
[White "Wewers, Reinhard"]
[Black "Kopischke, Maik"]
[Result "1-0"]
[WhiteElo "2140"]
[BlackElo "1930"]
[PlyCount "49"]
[EventDate "2009.01.09"]
[EventType "swiss"]
[EventRounds "9"]
[EventCountry "GER"]
[SourceTitle "EXT 2019"]
[Source "ChessBase"]
[SourceDate "2018.10.10"]
[SourceVersion "1"]
[SourceVersionDate "2018.10.10"]
[SourceQuality "1"]

1. Nf3 Nf6 2. g3 d5 3. Bg2 e6 4. d4 c5 5. c4 cxd4 6. Nxd4 Bb4+ 7. Nc3 0-0 8. cxd5 Nxd5 9. Bd2 Nxc3 10. bxc3 Be7 11. 0-0 Nd7 12. Qc2 Nf6 13. Rfd1 Qc7 14. Rab1 Rb8 15. Nb5 Qc5 16. h3 a6 17. Bf4 axb5 18. Bxb8 e5 19. Qd3 e4 20. Qxb5 Qxc3 21. Be5 Qc2 22. a4 Nd7 23. Rbc1 Qa2 24. Rxc8 Rxc8 25. Qxd7 1-0

[Event "Muensterland op 26th"]
[Site "Senden"]
[Date "2008.10.01"]
[Round "6"]
[White "Wewers, Reinhard"]
[Black "Rueberg, Jobst"]
[Result "1/2-1/2"]
[WhiteElo "2141"]
[BlackElo "2229"]
[PlyCount "30"]
[EventDate "2008.09.27"]
[EventType "swiss"]
[EventRounds "9"]
[EventCountry "GER"]
[SourceTitle "EXT 2010"]
[Source "ChessBase"]
[SourceDate "2010.11.25"]
[SourceVersion "1"]
[SourceVersionDate "2010.11.25"]
[SourceQuality "1"]

1. Nf3 Nf6 2. d4 e6 3. g3 b6 4. Bg2 Bb7 5. 0-0 Be7 6. c4 0-0 7. d5 Na6 8. Nd4 exd5 9. Nf5 c6 10. cxd5 cxd5 11. Nc3 Nc7 12. Bg5 Bc6 13. e4 dxe4 14. Nxe4 Bxe4 15. Bxe4 d5 1/2-1/2

[Event "Muensterland op 26th"]
[Site "Senden"]
[Date "2008.09.28"]
[Round "3"]
[White "Torres Kuckel, Rafael"]
[Black "Wewers, Reinhard"]
[Result "1/2-1/2"]
[WhiteElo "2270"]
[BlackElo "2141"]
[PlyCount "42"]
[EventDate "2008.09.27"]
[EventType "swiss"]
[EventRounds "9"]
[EventCountry "GER"]
[SourceTitle "EXT 2010"]
[Source "ChessBase"]
[SourceDate "2010.11.25"]
[SourceVersion "1"]
[SourceVersionDate "2010.11.25"]
[SourceQuality "1"]

1. e4 c5 2. Nf3 e6 3. d4 cxd4 4. Nxd4 a6 5. Bd3 Nf6 6. 0-0 Qc7 7. Qe2 d6 8. c4 g6 9. Nc3 Bg7 10. Bg5 0-0 11. Kh1 Re8 12. f4 Nc6 13. Nf3 b6 14. Rac1 Bb7 15. a3 h6 16. Bh4 Nh5 17. Qe3 f5 18. Bf2 Rab8 19. Rfe1 fxe4 20. Bxe4 Qf7 21. Qxb6 Ne5 1/2-1/2

[Event "Oberhausen op"]
[Site "Oberhausen"]
[Date "2007.04.06"]
[Round "3"]
[White "Wewers, Reinhard"]
[Black "Becker, Marcel"]
[Result "0-1"]
[WhiteElo "2097"]
[BlackElo "2381"]
[PlyCount "60"]
[EventDate "2007.04.05"]
[EventType "swiss"]
[EventRounds "7"]
[EventCountry "GER"]
[SourceTitle "CBM 117 Extra"]
[Source "ChessBase"]
[SourceDate "2007.05.09"]
[SourceVersion "1"]
[SourceVersionDate "2007.05.09"]
[SourceQuality "1"]

1. d4 d5 2. c4 c6 3. Nf3 Nf6 4. e3 Bf5 5. Bd3 Bxd3 6. Qxd3 e6 7. Nc3 Bb4 8. Bd2 0-0 9. 0-0 a5 10. c5 Nbd7 11. Na4 Bxd2 12. Nxd2 e5 13. dxe5 Nxe5 14. Qf5 Qe7 15. Nf3 Nxf3+ 16. gxf3 Nd7 17. Rac1 Rae8 18. Rfd1 Ne5 19. Nc3 Qg5+ 20. Qxg5 Nxf3+ 21. Kg2 Nxg5 22. Rd4 Ne6 23. Ra4 Nxc5 24. Rxa5 Nd3 25. Rb1 f5 26. Ne2 f4 27. Nxf4 Nxf4+ 28. exf4 Rxf4 29. Ra3 Re2 30. Rf3 Rb4 0-1

[Event "Duisburg Grossenbaum op"]
[Site "Duisburg"]
[Date "2005.05.16"]
[Round "7"]
[White "Eiersbrock, Robin"]
[Black "Wewers, Reinhard"]
[Result "0-1"]
[WhiteElo "1760"]
[BlackElo "2130"]
[PlyCount "108"]
[EventDate "2005.05.13"]
[EventType "swiss"]
[EventRounds "7"]
[EventCountry "GER"]
[SourceTitle "EXT 2006"]
[Source "ChessBase"]
[SourceDate "2005.11.24"]
[SourceVersion "1"]
[SourceVersionDate "2005.11.24"]
[SourceQuality "1"]

1. d4 e6 2. Nf3 d5 3. c4 Nf6 4. Nc3 c5 5. cxd5 Nxd5 6. e3 Nc6 7. Bc4 cxd4 8. Nxd4 Bb4 9. Nxc6 bxc6 10. Bd2 a5 11. e4 Nb6 12. Be2 0-0 13. 0-0 Qe7 14. Qc2 Bb7 15. Bd3 e5 16. f4 Nd7 17. Rf3 Bc5+ 18. Kh1 Bd4 19. Ne2 c5 20. Raf1 exf4 21. Bxf4 Be5 22. Rg3 Rad8 23. Nc3 Bxf4 24. Rxf4 g6 25. Qe2 Ne5 26. Bc2 Kh8 27. Rh3 Kg7 28. Nd5 Bxd5 29. exd5 Rxd5 30. Bb3 Rd7 31. Rfh4 h5 32. Re4 f6 33. Rg3 Rh8 34. Rh4 Ng4 35. Qf1 Qe5 36. Rf3 Rd2 37. Rhh3 Re2 38. Qg1 Re8 39. Rf1 Qxb2 40. Rhf3 f5 41. h3 Nf6 42. Qxc5 Rxg2 43. R3f2 Rxf2 44. Rxf2 Qb1+ 45. Kh2 Qe1 46. Kg2 Kh6 47. Qc7 Qe3 48. Rf3 Qd2+ 49. Rf2 Re2 50. Rxe2 Qxe2+ 51. Kg1 Qe3+ 52. Kg2 Ne4 53. h4 Qf2+ 54. Kh3 f4 0-1